Ortschronik von Bremenhain
| Titel: | Ortschronik von Bremenhain |
|---|---|
| Teil: | Band 1. Ortschronik von Bremenhain : Band 1 : Ein Dorf und seine Geschichte / von Hans-Joachim, Otto Erich Wergien ; Fachberater: Dr. Steffen Menzel |
| Verfasser: | |
| Beteiligt: | |
| Körperschaft: | |
| Ausgabe: | 1. Auflage |
| Veröffentlicht: | Rothenburg/OL : H.-J. Wergien, [2020] |
| Umfang: | 166 Seiten : Illustrationen |
| Format: | Buch |
| Sprache: | Deutsch |
| Schriftenreihe/ mehrbändiges Werk: |
Ortschronik von Bremenhain ; Band 1 alle Bände anzeigen
|
| Hinweise zum Inhalt: |
Inhaltsverzeichnis
|
X
alg: 49466963 001A $06000:12-05-22 001B $03025:22-03-24 $t14:20:35.000 001D $06000:12-05-22 001U $0utf8 001X $00 002@ $0Afx 002C $aText $btxt $2rdacontent 002D $aohne Hilfsmittel zu benutzen $bn $2rdamedia 002E $aBand $bnc $2rdacarrier 003@ $0494669632 004A $fBroschur 006C $01225618583 $aOCoLC 006G $01238542093 006H $0TOCNEUA2219 $2DNB 006U $f20210809 007A $01736017128 $aKXP 009P $qapplication/pdf $A2 $3Inhaltsverzeichnis $uhttps://d-nb.info/1238542093/04 $mB:DE-101 010@ $ager 011@ $a2020 $n[2020] 021A $aOrtschronik von Bremenhain $dBand 1 : Ein Dorf und seine Geschichte $hvon Hans-Joachim, Otto Erich Wergien ; Fachberater: Dr. Steffen Menzel 028A $BVerfasser $4aut $8Wergien, Hans-Joachim Otto Erich$Z1949- [Tp3] $9470739339 028C $BSonstige $4oth $7136904769 $8Menzel, Steffen$Z1963- [Tp3] $9207668973 029F $BSonstige $RRothenburg/O.L. $RSachsen $4oth $71140251503 $8Bremenhain [Tg3] $9416893627 032@ $a1. Auflage 033A $pRothenburg/OL $nH.-J. Wergien 034D $a166 Seiten 034M $aIllustrationen 036C $aOrtschronik von Bremenhain $x11 $lBand 1 036D $x11 $8Ortschronik von Bremenhain / von Hans-Joachim, Otto Erich Wergien ; Fachberater: Dr. Steffen Menzel $9500117691 044K $qDNB $ROrt $#Stadtteil $74437321-1 $8Ortsteil [Ts1] $9088752925 044K $qDNB $RChronik $74410228-8 $8Ortschronik [Ts1] $9088589331 044K $qDNB $#Rothenburg / O.L. $#Rothenburg, Oberlausitz $#Stadt Rothenburg, Oberlausitz $#Rothenburg $74362785-7 $8Rothenburg/O.L. [Tg1] $9088292940 044K $qDNB $RRothenburg/O.L. $RSachsen $71140251503 $8Bremenhain [Tg3] $9416893627 045F $a307.0943151 $eDDC23BSB 045F/01 $a307.09 045F/03 $g43151 lok: 49466963 78 exp: 49466963 78 1 #EPN 201B/01 $022-03-24 $t14:19:34.000 201C/01 $022-03-24 201U/01 $0utf8 203@/01 $01258556901 208@/01 $a22-03-24 $be 209A/01 $a/ $f000 $x00 209A/01 $ab*p $x01 220C/01 $apgar 244Z/01 $#Schlesien $#Schlesien $#Herzogtum Schlesien $#Herzogtum Schlesien Schlesien $#Provinz Schlesien $#Śla̜sk $#Slezsko $#Silesia $74052678-1 $8--Tg1--Schlesien $x02 $9085146781 244Z/01 $#Germania Slavica $#"Germania Slavica" $#Germania Slavica $#Germania Slavica $#Germania Slavica $#Germania Slavica $#Germania Slavica $8--Trx--Germania Slavica $x11 $9391371002 247C/01 $82080>Marburg/Lahn, Herder-Institut, Forschungsbibliothek, Bibliographieportal $9336309341
| LEADER | 00000cam a22000002cc4500 | ||
|---|---|---|---|
| 001 | 494669632 | ||
| 003 | DE-603 | ||
| 005 | 20240322142035.0 | ||
| 007 | tu | ||
| 008 | 220512s2020 xx |||| | u00||u|ger | ||
| 016 | 7 | |2 DE-101 |a 1238542093 | |
| 035 | |a (DE-599)KXP1736017128 | ||
| 040 | |a DE-603 |b ger |c DE-603 |d DE-603 | ||
| 041 | |a ger | ||
| 082 | 0 | 4 | |8 1\u |a 307.0943151 |q DE-101 |2 23/BSB |
| 085 | |8 1\u |b 307.09 | ||
| 085 | |8 1\u |z 2 |s 43151 | ||
| 100 | 1 | |a Wergien, Hans-Joachim Otto Erich |d 1949- |e Verfasser |4 aut |0 (DE-603)470739339 |0 (DE-588)1219926205 |2 gnd | |
| 245 | 0 | 0 | |a Ortschronik von Bremenhain |n Band 1 |p Ortschronik von Bremenhain : Band 1 : Ein Dorf und seine Geschichte / von Hans-Joachim, Otto Erich Wergien ; Fachberater: Dr. Steffen Menzel |
| 250 | |a 1. Auflage | ||
| 264 | 1 | |a Rothenburg/OL |b H.-J. Wergien |c [2020] | |
| 300 | |a 166 Seiten |b Illustrationen | ||
| 336 | |a Text |b txt |2 rdacontent | ||
| 337 | |a ohne Hilfsmittel zu benutzen |b n |2 rdamedia | ||
| 338 | |a Band |b nc |2 rdacarrier | ||
| 650 | 7 | |a Ortsteil |0 (DE-588)4437321-1 |0 (DE-603)088752925 |2 gnd | |
| 650 | 7 | |a Ortschronik |0 (DE-588)4410228-8 |0 (DE-603)088589331 |2 gnd | |
| 651 | 7 | |a Rothenburg/O.L. |0 (DE-588)4362785-7 |0 (DE-603)088292940 |2 gnd | |
| 651 | 7 | |a Bremenhain |0 (DE-588)1140251503 |0 (DE-603)416893627 |2 gnd | |
| 700 | 1 | |a Menzel, Steffen |d 1963- |e Sonstige |4 oth |0 (DE-603)207668973 |0 (DE-588)136904769 |2 gnd | |
| 710 | 1 | |a Bremenhain |e Sonstige |4 oth |0 (DE-603)416893627 |0 (DE-588)1140251503 |2 gnd | |
| 773 | 0 | 8 | |q 11 |w (DE-603)500117691 |
| 856 | 4 | 2 | |m B:DE-101 |q application/pdf |u https://d-nb.info/1238542093/04 |3 Inhaltsverzeichnis |
| 924 | 0 | |9 2080 |a (DE-603)1258556901 |b DE-2080 |c HES |d d |g / | |
alle Bände anzeigen

